Jakarta začína doháňať posledné obete ázijskej krízy

V závere roka 1999 charakterizovalo indonézsku ekonomiku najrýchlejšie tempo rastu za posledné tri roky. Vývoj hospodárstva Indonézie po zasiahnutí ázijskou krízou v lete 1997. Pôžičky pre Indonéziu od Medzinárodného menového fondu. Základné makroekonomické indikátory Indonézie od roku 1998 s prognó...

Descrizione completa

Salvato in:
Dettagli Bibliografici
Autore principale: Tomek, Radoslav
Natura: Capitolo di libro
Lingua:slovacco
Soggetti:
Tags: Aggiungi Tag
Nessun Tag, puoi essere il primo ad aggiungerne!!

MARC

LEADER 00000naa a2200000 4500
001 r037592
005 20230824104724.8
041 0 |a slo 
044 |a SK 
245 1 0 |a Jakarta začína doháňať posledné obete ázijskej krízy  |c Radoslav Tomek 
520 |a V závere roka 1999 charakterizovalo indonézsku ekonomiku najrýchlejšie tempo rastu za posledné tri roky. Vývoj hospodárstva Indonézie po zasiahnutí ázijskou krízou v lete 1997. Pôžičky pre Indonéziu od Medzinárodného menového fondu. Základné makroekonomické indikátory Indonézie od roku 1998 s prognózou do roku 2002. 
610 2 0 |a Indonézia 
610 2 0 |a rast hospodársky 
610 2 0 |a tempo rastu hospodárskeho 
610 2 0 |a vývoj hospodársky 
610 2 0 |a ukazovatele makroekonomické 
610 2 0 |a produkt domáci hrubý 
610 2 0 |a pôžičky medzinárodné 
610 2 0 |a Medzinárodný menový fond 
610 2 0 |a 1999 
100 1 |a Tomek, Radoslav